Reforma político-electoral / (Record no. 142635)

MARC details
000 -LEADER
fixed length control field nam a22 7a 4500
005 - DATE AND TIME OF LATEST TRANSACTION
control field 20180711124305.0
008 - FIXED-LENGTH DATA ELEMENTS--GENERAL INFORMATION
fixed length control field 180711b2018 mx ||||| |||| 001 0dspa d
020 ## - INTERNATIONAL STANDARD BOOK NUMBER
International Standard Book Number 9786071655554
050 04 - LIBRARY OF CONGRESS CALL NUMBER
Classification number KGF3053
Item number S65 2018
100 1# - MAIN ENTRY--PERSONAL NAME
Personal name Solís Acero, Felipe,
Relator term autor
245 10 - TITLE STATEMENT
Title Reforma político-electoral /
Statement of responsibility, etc Felipe Solís Acero.
250 ## - EDITION STATEMENT
Edition statement Primera edición
260 ## - PUBLICATION, DISTRIBUTION, ETC. (IMPRINT)
Place of publication, distribution, etc México :
Name of publisher, distributor, etc Fondo de Cultura Económica,
Date of publication, distribution, etc c2018
300 ## - PHYSICAL DESCRIPTION
Extent 157 páginas ;
Dimensions 21 cm.
490 #0 - SERIES STATEMENT
Series statement Administración pública : Reformas Estructurales
504 ## - BIBLIOGRAPHY, ETC. NOTE
Bibliography, etc Bibliografía : p. 152-154
504 ## - BIBLIOGRAPHY, ETC. NOTE
Bibliography, etc Incluye índice
650 #7 - SUBJECT ADDED ENTRY--TOPICAL TERM
Source of heading or term lemb
Topical term or geographic name as entry element Elecciones
General subdivision Reforma
Geographic subdivision México
650 #7 - SUBJECT ADDED ENTRY--TOPICAL TERM
Source of heading or term lemb
Topical term or geographic name as entry element Partidos políticos
General subdivision Reformas
Geographic subdivision México
942 ## - ADDED ENTRY ELEMENTS (KOHA)
Source of classification or shelving scheme Biblioteca del Cogreso de los Estados Unidos
Koha item type Libro
Holdings
Estado de pérdida Fuente de clasificación Estado del daño No para préstamo Ubicación permanente Ubicación actual Apartado o colección Fecha de adquisición Edición Enumeración de Serie / Cronológica Dependencia de educación superior (DES) Área del conocimiento Clasificación Código de Barras Date last seen Número de copia Tipo de recurso
  Biblioteca del Cogreso de los Estados Unidos     Biblioteca de la Facultad de Derecho y Ciencias Sociales "Felipe J. Tena" Biblioteca de la Facultad de Derecho y Ciencias Sociales "Felipe J. Tena" General 11/07/2018 1a ed. BFD000010528 Derecho Ciencias Sociales y Administrativas KGF3053 S65 2018 BFD000010528 11/07/2018 1 Libro